Fractal imaging / (Record no. 193555)
[ view plain ]
| 000 -LEADER | |
|---|---|
| fixed length control field | 01192 a2200217 4500 |
| 003 - CONTROL NUMBER IDENTIFIER | |
| control field | Nust |
| 005 - DATE AND TIME OF LATEST TRANSACTION | |
| control field | 20220802104742.0 |
| 010 ## - LIBRARY OF CONGRESS CONTROL NUMBER | |
| LC control number | 97006616 |
| 020 ## - INTERNATIONAL STANDARD BOOK NUMBER | |
| International Standard Book Number | 0124580106 (alk. paper) |
| 040 ## - CATALOGING SOURCE | |
| Transcribing agency | Nust |
| 082 00 - DEWEY DECIMAL CLASSIFICATION NUMBER | |
| Classification number | 620.367,NIN |
| 100 1# - MAIN ENTRY--PERSONAL NAME | |
| Personal name | Lu, Ning, |
| 9 (RLIN) | 96223 |
| 245 10 - TITLE STATEMENT | |
| Title | Fractal imaging / |
| Statement of responsibility, etc. | Ning Lu. |
| 260 ## - PUBLICATION, DISTRIBUTION, ETC. | |
| Place of publication, distribution, etc. | San Diego : |
| Name of publisher, distributor, etc. | Academic Press, |
| Date of publication, distribution, etc. | 1997. |
| 300 ## - PHYSICAL DESCRIPTION | |
| Extent | xix, 412 p. : |
| Other physical details | ill. (some col.) ; |
| Dimensions | 24 cm. + |
| Accompanying material | 1 computer laser optical disc (4 3/4 in.) |
| 505 ## - FORMATTED CONTENTS NOTE | |
| Formatted contents note | Introduction (Page-1), Mathematical Foundation (Page-15), Fractal Imaging Model (Page-51), Image Partition (Page-85), Spatial Transforms (Page-113), Brightness and Contrast (Page-139), Clustering Searching (Page-173), Fractal Realization (Page-205), Multiresolution Decomposition (Page-227), images in Motion (Page-259), Color Image (Page-277), Entropy Coding (Page-293), Visual Image Metric (Page-331), Future Image Format (Page-353), Epilogue: It's Real (Page-375). |
| 650 #0 - SUBJECT ADDED ENTRY--TOPICAL TERM | |
| Topical term or geographic name entry element | Telecommunication Engineering. |
| 856 42 - ELECTRONIC LOCATION AND ACCESS | |
| Materials specified | Publisher description |
| Uniform Resource Identifier | <a href="http://www.loc.gov/catdir/description/els032/97006616.html">http://www.loc.gov/catdir/description/els032/97006616.html</a> |
| 856 42 - ELECTRONIC LOCATION AND ACCESS | |
| Materials specified | Table of contents |
| Uniform Resource Identifier | <a href="http://www.loc.gov/catdir/toc/els032/97006616.html">http://www.loc.gov/catdir/toc/els032/97006616.html</a> |
| 942 ## - ADDED ENTRY ELEMENTS (KOHA) | |
| Koha item type | Reference |
| Source of classification or shelving scheme | |
| Withdrawn status | Lost status | Source of classification or shelving scheme | Damaged status | Not for loan | Permanent Location | Current Location | Shelving location | Date acquired | Full call number | Barcode | Date last seen | Price effective from | Koha item type | Public note |
|---|---|---|---|---|---|---|---|---|---|---|---|---|---|---|
| Military College of Signals (MCS) | Military College of Signals (MCS) | Reference | 12/12/2016 | 621.367,MIN | MCS28475 | 12/08/2016 | 12/12/2016 | Reference | Almirah No.20, Shelf No.1 |
